000 00622nam a2200181Ia 4500
008 100921s9999 xx 000 0 und d
082 _b37414
_a891.463 न 01
100 _aविष्णुपुरीकर वासुदेव.
245 _aकसाई.
260 _bरूपवेध प्रकाशन, परभणी.
_c2001
300 _a110
_bमयुरेष बुक एजन्सी,कराड
365 _b100
520 _aललित-कादंबरी.
630 _aकसाई.
650 _aललित-कादंबरी.
730 _aकसाई.
942 _cBOOK
999 _c786527
_d786524